000 00287nam a2200121Ia 4500
008 140130s9999 xx 000 0 und d
245 _cWood, Don
_aMerry christmas, big hungry bear!
260 _bScholastic,
_c2002
440 _v1
521 _aGrade 1
942 _cBK
999 _c39950
_d39950